000 00581nam a22001937a 4500
005 20251108165442.0
008 250721s2001 xx 000 0 ara d
082 1 4 _a338.5/كرا
100 1 _aكراجه، عبد الحليم
245 1 0 _aمبادىء الإقتصاد الجزئي /
264 1 _aعمان :
_bدار الصفاء،
_c2001.
300 _a252ص
650 1 7 _aالإقتصاد الجزئي
700 1 _aالعبادي، عبد الناصر
700 1 _aالباشا، محمد
700 1 _aالقضاه، حنان
942 _2ddc
_cBK
999 _c28266
_d28266